Opravné položky v účtovníctve podnikateľov pri uplatnení zásady opatrnosti bakalárska práca

Saved in:
Bibliographic Details
Main Author: Vorčák, Michal
Corporate Author: Fakulta hospodárskej informatiky EU. Katedra účtovníctva a audítorstva
Other Authors: Sklenka, Miloš
Format: Book
Language:Slovak
Published: Bratislava 2016
Tags: Add Tag
No Tags, Be the first to tag this record!

MARC

LEADER 00000nbm a2200000 4500
001 0219085
005 20240903102255.6
041 0 |a slo 
044 |a SK 
245 1 0 |a Opravné položky v účtovníctve podnikateľov pri uplatnení zásady opatrnosti  |b bakalárska práca  |c Michal Vorčák ; školiteľ: Miloš Sklenka 
264 1 |a Bratislava  |c 2016 
300 |a 51 s. 
100 1 |a Vorčák, Michal 
700 1 |a Sklenka, Miloš 
710 2 |a Fakulta hospodárskej informatiky EU. Katedra účtovníctva a audítorstva